000 00339 a2200157 4500
001 75643
020 _a8508057180
040 _cAnchieta - Colégio São Paulo
100 _aIacocca, Michele
240 1 0 _aO planeta eu:
_lpor
245 1 0 _aO planeta eu:
300 _a64
362 0 _a2001
650 4 _aLiteratura juvenil
942 _cBK
999 _c75643
_d75643